| 000 | 00552nam a22001697a 4500 | ||
|---|---|---|---|
| 999 |
_c12495 _d12495 |
||
| 008 | 240723b 2024 ||||| |||| 00| 0 eng d | ||
| 020 | _a9798327013216 | ||
| 082 |
_a305.800 _bMIS |
||
| 100 | _aMishra, Anil Kumar | ||
| 245 | _aTextbook for essence of Indian traditional knowledge | ||
| 260 |
_aMumbai _bAnil Kumar Mishra _c2024 |
||
| 300 | _a251p. | ||
| 650 | _aFundamentals of Yoga : Building a Stabel Ground | ||
| 650 | _aEvolution of India through its languages | ||
| 650 | _aIndustrial effects on the Marine Industry of India | ||
| 942 | _cBK | ||